Ładuje się......
Jumpers/
| 1. autor: | |
|---|---|
| Format: | Printed Book |
| Wydane: |
Newyork:
Grove Press,
1972.
|
| Hasła przedmiotowe: |
| LEADER | 00538nam a22001697a 4500 | ||
|---|---|---|---|
| 020 | |a 978080215100 | ||
| 082 | |a 822 |b TOM/J | ||
| 100 | |a Tom Stoppard |9 59377 | ||
| 245 | |a Jumpers/ |c by Tom Stoppard | ||
| 260 | |a Newyork: |b Grove Press, |c 1972. | ||
| 300 | |a 89p. | ||
| 650 | |a Drama English |9 59378 | ||
| 650 | |a Literature English |9 59379 | ||
| 650 | |a Literature |9 59380 | ||
| 942 | |c BK | ||
| 999 | |c 139176 |d 139176 | ||
| 952 | |0 0 |1 0 |4 0 |6 822_000000000000000_TOM_J |7 0 |9 96082 |a SSUS |b SSUS |c STACKS |d 2018-09-18 |g 411.25 |o 822 TOM/J |p 091772 |r 2018-09-18 |w 2018-09-18 |y BK | ||